000 00669cam a22002293a 4500
001 19667
003 PGUSA
005 20140828083421.0
008 061030s2006||||xxu|||||s|||||000 | eng d
040 _aPGUSA
_beng
042 _adc
050 4 _aRC
100 1 _aMussey, R. D.
_q(Reuben Dimond),
_d1780-1866
245 1 3 _aAn Essay on the Influence of Tobacco upon Life and Health
_h[electronic resource] /
_cR. D. Mussey
260 _bProject Gutenberg,
_c2006
506 _aPublic domain in the USA.
516 _aElectronic text
653 _aTobacco use
830 0 _aProject Gutenberg
_v19667
856 4 0 _uhttp://www.gutenberg.org/ebooks/19667
942 _cEB
999 _c248922
_d248922